000 00815nam a2200253Ia 4500
003 OSt
005 20220923223102.0
006 a|||||r|||| 00| 0
007 ta
008 220922b |||||||| |||| 00| 0 hin d
024 _a210,955
037 _cTextual
040 _aARTS
_cARTS
_bhin
041 _2hin
_ahin
082 _aO152,3N34,ET, M2
100 _aदीक्षित, जगदम्बा प्रसाद
245 0 _aइतिवत्
246 _aItivat
260 _aहापुड़
_b संभावना प्रका0
_c1982
300 _a126पृ.
_ccm.
650 _aहिन्दी साहित्य
_9156264
942 _hO152,3N34,ET, M2
_cTEXL
_2CC
999 _c361234
_d361234